MARC

LEADER 00000nam0a2200000 4500
001 185944
005 20231101223941.0
035 |a (RuTPU)RU\TPU\book\201763 
090 |a 185944 
100 |a 20101019d1955 m y0rusy50 ca 
101 1 |a rus  |c eng 
102 |a RU 
105 |a a z 001zb 
200 1 |a Путешествие натуралиста вокруг света на корабле "Бигль "  |e пер. с англ.  |f Ч. Дарвин 
205 |a 2-е изд. 
210 |a Москва  |c Государственное издательство географической литературы  |d 1955 
215 |a 576 с.  |c ил. 
320 |a Библиогр. в примеч. 
320 |a Указатели: с. 563-574. 
600 1 |a Дарвин  |g Чарльз Роберт  |c английский естествоиспытатель  |f 1809-1882  |b Ч. Р.  |2 stltpush  |3 (RuTPU)RU\TPU\pers\1166 
606 1 |a Естествознание  |2 stltpush  |3 (RuTPU)RU\TPU\subj\68178  |9 83661 
606 1 |a Кругосветные путешествия  |2 stltpush  |3 (RuTPU)RU\TPU\subj\16561  |9 42526 
610 1 |a путешествия 
610 1 |a записки 
675 |a 50  |v 3 
675 |a 910.4  |v 3 
700 1 |a Дарвин  |b Ч. Р.  |c английский естествоиспытатель  |f 1809-1882  |g Чарльз Роберт  |2 stltpush  |3 (RuTPU)RU\TPU\pers\1166  |9 529 
801 1 |a RU  |b 63413507  |c 20101019 
801 2 |a RU  |b 63413507  |c 20210610  |g RCR 
942 |c BK